[Event "IECC KO-2097"]
[Site "IECC email"]
[Date "2007.12.11"]
[Round "?"]
[White "Duteau, Jean Henri"]
[Black "Viiru, Sakari"]
[Result "1-0"]
[WhiteElo "1262"]
[BlackElo "1533"]
[PlyCount "25"]
[EventDate "2007.??.??"]
[EventType "match (corr)"]
[EventRounds "2"]
[SourceTitle "Corr 2020"]
[Source "ChessBase"]
[SourceDate "2019.09.30"]
[SourceVersion "1"]
[SourceVersionDate "2019.09.30"]
[SourceQuality "1"]
[WhiteTeam "Canada"]
[BlackTeam "Finland"]
[WhiteTeamCountry "CAN"]
[BlackTeamCountry "FIN"]

1. Nf3 d5 2. g3 c5 3. Bg2 Nc6 4. 0-0 e5 5. d3 Nf6 6. e4 Be7 7. exd5 Nxd5 8. Re1 f6 9. c3 0-0 10. d4 cxd4 11. cxd4 Bg4 12. h3 Nc7 13. hxg4 1-0

[Event "IECC CL4-2004.02 email"]
[Site "IECC email"]
[Date "2004.02.04"]
[Round "?"]
[White "Jonovic, Pavle"]
[Black "Viiru, Sakari"]
[Result "1-0"]
[WhiteElo "1805"]
[BlackElo "1570"]
[PlyCount "43"]
[EventDate "2004.??.??"]
[EventType "tourn (corr)"]
[EventRounds "4"]
[SourceTitle "Corr 2008"]
[Source "ChessBase"]
[SourceDate "2008.06.24"]
[SourceVersion "1"]
[SourceVersionDate "2008.06.24"]
[SourceQuality "1"]

1. e4 e5 2. Nf3 Nc6 3. Bb5 a6 4. Ba4 Nf6 5. 0-0 d6 6. Bxc6+ bxc6 7. d4 exd4 8. Qxd4 Be7 9. Re1 0-0 10. e5 Nd5 11. c4 Nb6 12. Be3 c5 13. Qc3 Bb7 14. Nbd2 Nd7 15. Bf4 a5 16. Ne4 Ra6 17. Rad1 Qb8 18. exd6 Bxd6 19. Nxd6 cxd6 20. Nh4 Nf6 21. Nf5 Re8 22. Nxg7 1-0

[Event "IECC KO-3036"]
[Site "IECC email"]
[Date "2004.01.21"]
[Round "?"]
[White "Viiru, Sakari"]
[Black "Hall, Craig"]
[Result "0-1"]
[WhiteElo "1573"]
[BlackElo "1920"]
[PlyCount "34"]
[EventDate "2004.??.??"]
[EventType "match (corr)"]
[EventRounds "2"]
[SourceTitle "Corr 2020"]
[Source "ChessBase"]
[SourceDate "2019.09.30"]
[SourceVersion "1"]
[SourceVersionDate "2019.09.30"]
[SourceQuality "1"]
[WhiteTeam "Finland"]
[BlackTeam "United States"]
[WhiteTeamCountry "FIN"]
[BlackTeamCountry "USA"]

1. c4 Nf6 2. g3 g6 3. d4 Bg7 4. Nf3 0-0 5. Bg2 d6 6. 0-0 c6 7. Nc3 Qa5 8. a3 Qh5 9. e4 Bg4 10. Qd3 c5 11. d5 Nbd7 12. Bf4 Bh3 13. Rfe1 Ng4 14. Re2 g5 15. Be3 Nge5 16. Nxe5 Nxe5 17. Qc2 Nf3+ 0-1

[Event "IECC KO email"]
[Site "IECC email"]
[Date "2003.06.16"]
[Round "?"]
[White "Ralls, Richard Nelson"]
[Black "Viiru, Sakari"]
[Result "1-0"]
[WhiteElo "2063"]
[BlackElo "1666"]
[PlyCount "25"]
[EventDate "2003.??.??"]
[EventType "tourn (corr)"]
[EventRounds "6"]
[SourceTitle "Corr 2008"]
[Source "ChessBase"]
[SourceDate "2008.06.24"]
[SourceVersion "1"]
[SourceVersionDate "2008.06.24"]
[SourceQuality "1"]

1. e4 c5 2. Nf3 d6 3. d4 cxd4 4. Nxd4 Nf6 5. Nc3 a6 6. Bg5 e6 7. f4 Be7 8. Qf3 Qc7 9. 0-0-0 Nbd7 10. Be2 b5 11. Bxf6 Bxf6 12. e5 Bb7 13. Ncxb5 1-0

[Event "IECC KO email"]
[Site "IECC email"]
[Date "2003.06.16"]
[Round "?"]
[White "Viiru, Sakari"]
[Black "Ralls, Richard Nelson"]
[Result "1-0"]
[WhiteElo "1664"]
[BlackElo "2065"]
[PlyCount "37"]
[EventDate "2003.??.??"]
[EventType "tourn (corr)"]
[EventRounds "6"]
[SourceTitle "Corr 2008"]
[Source "ChessBase"]
[SourceDate "2008.06.24"]
[SourceVersion "1"]
[SourceVersionDate "2008.06.24"]
[SourceQuality "1"]

1. e4 c5 2. Nf3 Nc6 3. d4 cxd4 4. Nxd4 g6 5. c4 Bg7 6. Be3 Nf6 7. Nc3 0-0 8. Be2 d6 9. 0-0 Bd7 10. Qd2 Nxd4 11. Bxd4 Bc6 12. f3 a5 13. b3 Nd7 14. f4 e5 15. fxe5 Nc5 16. exd6 Qxd6 17. Rad1 Rfd8 18. Be3 Qxd2 19. Rxd2 1-0

[Event "IECC KO email"]
[Site "IECC email"]
[Date "2003.03.17"]
[Round "?"]
[White "Viiru, Sakari"]
[Black "Tarzia, Paolo"]
[Result "0-1"]
[WhiteElo "1687"]
[BlackElo "1521"]
[PlyCount "72"]
[EventDate "2003.??.??"]
[EventType "tourn (corr)"]
[EventRounds "6"]
[SourceTitle "Corr 2008"]
[Source "ChessBase"]
[SourceDate "2008.06.24"]
[SourceVersion "1"]
[SourceVersionDate "2008.06.24"]
[SourceQuality "1"]

1. d4 Nf6 2. c4 e6 3. Nf3 c5 4. d5 exd5 5. cxd5 d6 6. Nc3 g6 7. e4 Bg7 8. h3 0-0 9. Bd3 a6 10. a4 Qc7 11. 0-0 Nbd7 12. Be3 Re8 13. Rc1 b6 14. Qd2 c4 15. Bb1 Nc5 16. Bxc5 Qxc5 17. Rfe1 b5 18. Nd1 Bd7 19. b3 Rac8 20. axb5 axb5 21. bxc4 bxc4 22. Bd3 Bb5 23. Bb1 Nd7 24. Nc3 Ne5 25. Nxe5 Bxe5 26. Nxb5 Qxb5 27. Bc2 Qd7 28. Qb4 Qc7 29. Ba4 Re7 30. Bc6 c3 31. Rxc3 Rb8 32. Qc4 Bxc3 33. Qxc3 Qb6 34. Qf6 Qb4 35. Qxe7 Qxe1+ 36. Kh2 Qxf2 0-1

[Event "IECC KO email"]
[Site "IECC email"]
[Date "2003.01.13"]
[Round "?"]
[White "Viiru, Sakari"]
[Black "Shchepetnev, Vasiliy"]
[Result "0-1"]
[WhiteElo "1662"]
[BlackElo "1898"]
[PlyCount "64"]
[EventDate "2003.??.??"]
[EventType "tourn (corr)"]
[EventRounds "6"]
[SourceTitle "Corr 2008"]
[Source "ChessBase"]
[SourceDate "2008.06.24"]
[SourceVersion "1"]
[SourceVersionDate "2008.06.24"]
[SourceQuality "1"]

1. d4 d5 2. c4 c6 3. Nf3 Nf6 4. Nc3 dxc4 5. a4 Bf5 6. e3 Bd3 7. Bxd3 cxd3 8. Qxd3 e6 9. 0-0 Be7 10. e4 0-0 11. Bg5 Na6 12. Rad1 Nb4 13. Qc4 Nd7 14. Bxe7 Qxe7 15. Rfe1 a5 16. d5 exd5 17. exd5 Qc5 18. Qxc5 Nxc5 19. dxc6 Nxc6 20. Ne5 Rfe8 21. Nxc6 bxc6 22. Rxe8+ Rxe8 23. Kf1 f5 24. Rd6 Rc8 25. Ke2 Kf7 26. Ke3 Ke7 27. Rd4 Rb8 28. Rc4 Kd6 29. Rd4+ Kc7 30. Rc4 Re8+ 31. Kf3 Nd3 32. b3 Ne5+ 0-1

[Event "IECC KO email"]
[Site "IECC email"]
[Date "2002.12.12"]
[Round "?"]
[White "Viiru, Sakari"]
[Black "Mathes, Christian"]
[Result "1-0"]
[WhiteElo "1695"]
[BlackElo "1184"]
[PlyCount "21"]
[EventDate "2002.??.??"]
[EventType "tourn (corr)"]
[EventRounds "6"]
[SourceTitle "Corr 2008"]
[Source "ChessBase"]
[SourceDate "2008.06.24"]
[SourceVersion "1"]
[SourceVersionDate "2008.06.24"]
[SourceQuality "1"]

1. d4 f5 2. c4 Nf6 3. Nc3 g6 4. h4 Bg7 5. Nf3 d6 6. Bg5 Nbd7 7. e3 c6 8. Bd3 e5 9. e4 fxe4 10. Nxe4 exd4 11. Nxd6+ 1-0

[Event "IECC CL4-2002.31"]
[Site "IECC email"]
[Date "2002.11.30"]
[Round "?"]
[White "Viiru, Sakari"]
[Black "Winkel, Bjarne"]
[Result "0-1"]
[WhiteElo "1693"]
[BlackElo "1799"]
[PlyCount "84"]
[EventDate "2002.??.??"]
[EventType "tourn (corr)"]
[EventRounds "4"]
[SourceTitle "Corr 2008"]
[Source "ChessBase"]
[SourceDate "2008.06.24"]
[SourceVersion "1"]
[SourceVersionDate "2008.06.24"]
[SourceQuality "1"]

1. d4 Nf6 2. c4 e6 3. Nf3 d5 4. Nc3 c6 5. e3 Nbd7 6. Bd3 dxc4 7. Bxc4 b5 8. Bd3 a6 9. 0-0 c5 10. a4 b4 11. Ne4 Bb7 12. Ned2 Be7 13. Qe2 Qc7 14. Rd1 0-0 15. Nc4 Rfd8 16. b3 Rac8 17. Bb2 cxd4 18. exd4 Nd5 19. Rac1 Nf4 20. Qe3 Nxd3 21. Rxd3 Nf6 22. h3 Nd5 23. Qe5 Nf4 24. Qxc7 Rxc7 25. Rd2 Bxf3 26. gxf3 Bg5 27. Ne3 Rxc1+ 28. Bxc1 Rxd4 29. Kh2 Rxd2 30. Bxd2 Nd3 31. Kg2 Bh4 32. Nd1 Be7 33. f4 Bd6 34. Kf3 f5 35. Be3 Kf7 36. Bd2 Kf6 37. Ne3 Bxf4 38. Ke2 Nc5 39. Bxb4 Nxb3 40. h4 Nd4+ 41. Kd3 Bxe3 42. fxe3 Nf3 0-1

[Event "IECC KO email"]
[Site "IECC email"]
[Date "2002.10.25"]
[Round "?"]
[White "Viiru, Sakari"]
[Black "Van Gimst, Herman"]
[Result "1-0"]
[WhiteElo "1688"]
[BlackElo "1148"]
[PlyCount "35"]
[EventDate "2002.??.??"]
[EventType "tourn (corr)"]
[EventRounds "6"]
[SourceTitle "Corr 2008"]
[Source "ChessBase"]
[SourceDate "2008.06.24"]
[SourceVersion "1"]
[SourceVersionDate "2008.06.24"]
[SourceQuality "1"]

1. d4 Nf6 2. c4 g6 3. Nc3 Bg7 4. Nf3 0-0 5. e4 d6 6. Be2 e5 7. 0-0 exd4 8. Nxd4 c5 9. Ndb5 Ne8 10. Bf4 Bxc3 11. bxc3 Qa5 12. Nxd6 Nxd6 13. Qxd6 Rd8 14. Qe7 Nc6 15. Qf6 Kf8 16. Qh8+ Ke7 17. Bg5+ Ke6 18. Bg4+ 1-0

[Event "IECC KO email"]
[Site "IECC email"]
[Date "2000.12.30"]
[Round "?"]
[White "Viiru, Sakari"]
[Black "Ventimiglia, Charles"]
[Result "1/2-1/2"]
[WhiteElo "1668"]
[BlackElo "1992"]
[PlyCount "46"]
[EventDate "2000.??.??"]
[EventType "tourn (corr)"]
[EventRounds "6"]
[SourceTitle "Corr 2008"]
[Source "ChessBase"]
[SourceDate "2008.06.24"]
[SourceVersion "1"]
[SourceVersionDate "2008.06.24"]
[SourceQuality "1"]

1. d4 Nf6 2. c4 c5 3. d5 b5 4. cxb5 a6 5. e3 g6 6. Nc3 Bg7 7. Nf3 0-0 8. bxa6 d6 9. Be2 Nxa6 10. e4 e6 11. 0-0 exd5 12. exd5 Re8 13. Bg5 h6 14. Bxf6 Qxf6 15. Re1 Nc7 16. Qd2 Bb7 17. Bc4 Qf5 18. Rad1 Rxe1+ 19. Nxe1 Re8 20. Nf3 g5 21. Nb5 Nxb5 22. Bxb5 Ra8 23. b3 g4 1/2-1/2

[Event "IECC Swiss email"]
[Site "IECC email"]
[Date "2000.09.30"]
[Round "?"]
[White "Viiru, Sakari"]
[Black "Makarczuk, Jacek"]
[Result "0-1"]
[WhiteElo "1671"]
[BlackElo "2127"]
[PlyCount "86"]
[EventDate "2000.??.??"]
[EventType "tourn (corr)"]
[EventRounds "6"]
[SourceTitle "Corr 2008"]
[Source "ChessBase"]
[SourceDate "2008.06.24"]
[SourceVersion "1"]
[SourceVersionDate "2008.06.24"]
[SourceQuality "1"]

1. d4 Nf6 2. c4 g6 3. Nc3 Bg7 4. e4 d6 5. Nf3 0-0 6. Be2 e5 7. Be3 Ng4 8. Bg5 f6 9. Bh4 Nd7 10. 0-0 h5 11. h3 Nh6 12. Qd2 Nf7 13. Rad1 Bh6 14. Qd3 c6 15. Bg3 Qe7 16. Nh4 Nh8 17. f4 f5 18. exf5 exf4 19. Bxf4 Bxf4 20. Rxf4 g5 21. Re4 Qg7 22. Bxh5 Nf6 23. Ng6 Nxe4 24. Qxe4 Nxg6 25. Bxg6 Bd7 26. g4 Be8 27. Qe6+ Kh8 28. Bxe8 Rfxe8 29. Qxd6 Rad8 30. f6 Qf7 31. Qc5 Qxf6 32. Qf5 Qxf5 33. gxf5 Rf8 34. d5 Rxf5 35. d6 Rf4 36. b3 b6 37. Kg2 Rd7 38. Ne2 Rf6 39. Ng3 Rdxd6 40. Rxd6 Rxd6 41. Ne4 Rd1 42. Nxg5 Rd2+ 43. Kf3 Rxa2 0-1

[Event "IECC KO email"]
[Site "IECC email"]
[Date "2000.02.20"]
[Round "?"]
[White "Viiru, Sakari"]
[Black "Juszczuk, Grzegorz"]
[Result "1-0"]
[WhiteElo "1673"]
[BlackElo "1695"]
[PlyCount "81"]
[EventDate "2000.??.??"]
[EventType "tourn (corr)"]
[EventRounds "6"]
[SourceTitle "Corr 2008"]
[Source "ChessBase"]
[SourceDate "2008.06.24"]
[SourceVersion "1"]
[SourceVersionDate "2008.06.24"]
[SourceQuality "1"]

1. e4 c5 2. Nf3 d6 3. d4 cxd4 4. Nxd4 Nf6 5. Nc3 Nc6 6. Bg5 e6 7. Qd2 Be7 8. 0-0-0 d5 9. Bb5 Bd7 10. exd5 Nxd5 11. Bxe7 Ncxe7 12. Nxd5 Nxd5 13. Bc4 Nb6 14. Bd3 0-0 15. Qf4 Qf6 16. Qxf6 gxf6 17. Be4 Rab8 18. Nb3 f5 19. Bf3 Rfc8 20. Na5 Rc7 21. Rd6 Kf8 22. Rhd1 Ke7 23. R6d2 e5 24. g3 Be6 25. Bg2 Nc4 26. Nxc4 Rxc4 27. a3 Rc7 28. Bd5 Rbc8 29. Bxe6 fxe6 30. f3 h5 31. Re1 e4 32. fxe4 fxe4 33. Rxe4 Rf8 34. Kd1 Rc5 35. Rde2 Rf6 36. Re5 Rxe5 37. Rxe5 Kd6 38. Rxh5 Rf1+ 39. Ke2 Ra1 40. h4 Ra2 41. Rb5 1-0

[Event "IECC Swiss email"]
[Site "IECC email"]
[Date "1999.11.16"]
[Round "?"]
[White "Tomasouw, Izak"]
[Black "Viiru, Sakari"]
[Result "0-1"]
[WhiteElo "1200"]
[BlackElo "1600"]
[PlyCount "20"]
[EventDate "1999.??.??"]
[EventType "tourn (corr)"]
[EventRounds "6"]
[SourceTitle "Corr 2008"]
[Source "ChessBase"]
[SourceDate "2008.06.24"]
[SourceVersion "1"]
[SourceVersionDate "2008.06.24"]
[SourceQuality "1"]

1. e4 c6 2. d4 d5 3. exd5 cxd5 4. c4 Nf6 5. Nc3 g6 6. Nf3 Bg7 7. Bg5 Be6 8. c5 0-0 9. Qd2 Ne4 10. Bh6 Nxd2 0-1